000 00400nam a2200157Ia 4500
008 230524s9999 xx 000 0 und d
082 _a621.3821
_bJAS
100 _aJ.Michael Jacob
245 0 _aPower Electronics : Principles and Applications
250 _a2ND
260 _aSINGAPORE
_bVikas
_c2004
300 _aXVII;575
500 _aQuantity Number: 2
650 _aElectrical
942 _cBK
999 _c20305
_d20305